<?xml version="1.0" encoding="UTF-8"?>
<record
    xmlns:xsi="http://www.w3.org/2001/XMLSchema-instance"
    xsi:schemaLocation="http://www.loc.gov/MARC21/slim http://www.loc.gov/standards/marcxml/schema/MARC21slim.xsd"
    xmlns="http://www.loc.gov/MARC21/slim">

  <leader>01821nam0a2200385 i 4500</leader>
  <controlfield tag="001">RU\NLR\bibl\2001591</controlfield>
  <controlfield tag="005">20240921180747.0</controlfield>
  <datafield tag="010" ind1=" " ind2=" ">
    <subfield code="a">9785803807933</subfield>
    <subfield code="9">500</subfield>
  </datafield>
  <datafield tag="021" ind1=" " ind2=" ">
    <subfield code="a">RU</subfield>
    <subfield code="b">2013-6281</subfield>
    <subfield code="9">446</subfield>
  </datafield>
  <datafield tag="035" ind1=" " ind2=" ">
    <subfield code="a">(nilc)RuMoRGB-006528168</subfield>
  </datafield>
  <datafield tag="035" ind1=" " ind2=" ">
    <subfield code="a">(NLR Aleph) 001990312</subfield>
  </datafield>
  <datafield tag="090" ind1=" " ind2=" ">
    <subfield code="a">4215502</subfield>
    <subfield code="c">4215502</subfield>
  </datafield>
  <datafield tag="100" ind1=" " ind2=" ">
    <subfield code="a">20130206d2012    k  y0rusy50      ca</subfield>
  </datafield>
  <datafield tag="101" ind1="0" ind2=" ">
    <subfield code="a">rus</subfield>
  </datafield>
  <datafield tag="102" ind1=" " ind2=" ">
    <subfield code="a">RU</subfield>
  </datafield>
  <datafield tag="105" ind1=" " ind2=" ">
    <subfield code="a">a   |||||||||</subfield>
  </datafield>
  <datafield tag="200" ind1="1" ind2=" ">
    <subfield code="a">&#x421;&#x443;&#x434;&#x43E;&#x445;&#x43E;&#x434;&#x441;&#x442;&#x432;&#x43E; &#x41B;&#x435;&#x43D;&#x43E;-&#x412;&#x438;&#x442;&#x438;&#x43C;&#x441;&#x43A;&#x43E;&#x433;&#x43E; &#x431;&#x430;&#x441;&#x441;&#x435;&#x439;&#x43D;&#x430; (60-&#x435; &#x433;&#x43E;&#x434;&#x44B; XIX &#x432;. - 1917 &#x433;.)</subfield>
    <subfield code="e">&#x43C;&#x43E;&#x43D;&#x43E;&#x433;&#x440;&#x430;&#x444;&#x438;&#x44F;</subfield>
    <subfield code="f">&#x421;. &#x412;. &#x413;&#x443;&#x437;&#x435;&#x43D;&#x43A;&#x43E;&#x432;</subfield>
  </datafield>
  <datafield tag="210" ind1=" " ind2=" ">
    <subfield code="a">&#x418;&#x440;&#x43A;&#x443;&#x442;&#x441;&#x43A;</subfield>
    <subfield code="c">&#x418;&#x437;&#x434;-&#x432;&#x43E; &#x418;&#x440;&#x413;&#x422;&#x423;</subfield>
    <subfield code="d">2012</subfield>
  </datafield>
  <datafield tag="215" ind1=" " ind2=" ">
    <subfield code="a">273, [1] &#x441;.</subfield>
    <subfield code="c">&#x438;&#x43B;., &#x43F;&#x43E;&#x440;&#x442;&#x440;.</subfield>
    <subfield code="d">21</subfield>
  </datafield>
  <datafield tag="300" ind1=" " ind2=" ">
    <subfield code="a">&#x41D;&#x430; 4-&#x439; &#x441;. &#x43E;&#x431;&#x43B;. &#x430;&#x432;&#x442;.: &#x43A;.&#x438;&#x441;&#x442;.&#x43D;. &#x421;.&#x412;. &#x413;&#x443;&#x437;&#x435;&#x43D;&#x43A;&#x43E;&#x432;&#x430;</subfield>
  </datafield>
  <datafield tag="320" ind1=" " ind2=" ">
    <subfield code="a">&#x411;&#x438;&#x431;&#x43B;&#x438;&#x43E;&#x433;&#x440;. &#x432; &#x43A;&#x43E;&#x43D;&#x446;&#x435; &#x441;&#x442;.</subfield>
  </datafield>
  <datafield tag="606" ind1="1" ind2=" ">
    <subfield code="a">&#x412;&#x43E;&#x434;&#x43D;&#x44B;&#x435; &#x43F;&#x443;&#x442;&#x438;</subfield>
    <subfield code="x">&#x418;&#x441;&#x442;&#x43E;&#x440;&#x438;&#x44F;</subfield>
    <subfield code="y">&#x41B;&#x435;&#x43D;&#x43E;-&#x412;&#x438;&#x442;&#x438;&#x43C;&#x441;&#x43A;&#x438;&#x439; &#x431;&#x430;&#x441;&#x441;&#x435;&#x439;&#x43D;</subfield>
    <subfield code="z">60-&#x435; &#x433;&#x433;. 19 &#x432;. - &#x43E;&#x43A;&#x442;&#x44F;&#x431;&#x440;&#x44C; 1917</subfield>
    <subfield code="9">2155599</subfield>
    <subfield code="3">RU\NLR\AUTH\661602433</subfield>
  </datafield>
  <datafield tag="606" ind1="1" ind2=" ">
    <subfield code="a">&#x420;&#x435;&#x447;&#x43D;&#x43E;&#x435; &#x441;&#x443;&#x434;&#x43E;&#x445;&#x43E;&#x434;&#x441;&#x442;&#x432;&#x43E;</subfield>
    <subfield code="x">&#x418;&#x441;&#x442;&#x43E;&#x440;&#x438;&#x44F;</subfield>
    <subfield code="y">&#x41B;&#x435;&#x43D;&#x430;, &#x440;&#x435;&#x43A;&#x430; (&#x421;&#x438;&#x431;&#x438;&#x440;&#x44C; &#x412;&#x43E;&#x441;&#x442;&#x43E;&#x447;&#x43D;&#x430;&#x44F;)</subfield>
    <subfield code="z">60-&#x435; &#x433;&#x433;. 19 &#x432;. - &#x43E;&#x43A;&#x442;&#x44F;&#x431;&#x440;&#x44C; 1917</subfield>
    <subfield code="9">2174187</subfield>
    <subfield code="3">RU\NLR\AUTH\6601543998</subfield>
  </datafield>
  <datafield tag="606" ind1="1" ind2=" ">
    <subfield code="a">&#x420;&#x435;&#x447;&#x43D;&#x43E;&#x435; &#x441;&#x443;&#x434;&#x43E;&#x445;&#x43E;&#x434;&#x441;&#x442;&#x432;&#x43E;</subfield>
    <subfield code="x">&#x418;&#x441;&#x442;&#x43E;&#x440;&#x438;&#x44F;</subfield>
    <subfield code="y">&#x412;&#x438;&#x442;&#x438;&#x43C;, &#x440;&#x435;&#x43A;&#x430; (&#x421;&#x438;&#x431;&#x438;&#x440;&#x44C; &#x412;&#x43E;&#x441;&#x442;&#x43E;&#x447;&#x43D;&#x430;&#x44F;)</subfield>
    <subfield code="z">60-&#x435; &#x433;&#x433;. 19 &#x432;. - &#x43E;&#x43A;&#x442;&#x44F;&#x431;&#x440;&#x44C; 1917</subfield>
    <subfield code="9">2174188</subfield>
    <subfield code="3">RU\NLR\AUTH\6601543999</subfield>
  </datafield>
  <datafield tag="686" ind1="1" ind2=" ">
    <subfield code="a">&#x41E;4,2&#x433;(2)</subfield>
  </datafield>
  <datafield tag="686" ind1="1" ind2=" ">
    <subfield code="a">&#x41E;411.211&#x433;(2)</subfield>
  </datafield>
  <datafield tag="700" ind1=" " ind2="1">
    <subfield code="a">&#x413;&#x443;&#x437;&#x435;&#x43D;&#x43A;&#x43E;&#x432;</subfield>
    <subfield code="b">&#x421;. &#x412;.</subfield>
    <subfield code="g">&#x421;&#x435;&#x440;&#x433;&#x435;&#x439; &#x412;&#x430;&#x441;&#x438;&#x43B;&#x44C;&#x435;&#x432;&#x438;&#x447;</subfield>
    <subfield code="4">070</subfield>
  </datafield>
  <datafield tag="801" ind1=" " ind2="0">
    <subfield code="a">RU</subfield>
    <subfield code="b">RuMoRKP</subfield>
    <subfield code="c">20130206</subfield>
    <subfield code="g">RCR</subfield>
  </datafield>
  <datafield tag="801" ind1=" " ind2="2">
    <subfield code="a">RU</subfield>
    <subfield code="b">&#x420;&#x413;&#x411;</subfield>
    <subfield code="c">20130226</subfield>
    <subfield code="g">rcr</subfield>
  </datafield>
  <datafield tag="801" ind1=" " ind2="1">
    <subfield code="a">RU</subfield>
    <subfield code="b">RuMoRKP</subfield>
    <subfield code="c">20130206</subfield>
    <subfield code="2">rusmarc</subfield>
  </datafield>
  <datafield tag="801" ind1=" " ind2="2">
    <subfield code="a">RU</subfield>
    <subfield code="b">NLR</subfield>
    <subfield code="c">20130216</subfield>
    <subfield code="g">rcr</subfield>
  </datafield>
  <datafield tag="942" ind1=" " ind2=" ">
    <subfield code="c">BOOK</subfield>
  </datafield>
  <datafield tag="980" ind1=" " ind2=" ">
    <subfield code="a">NBR</subfield>
  </datafield>
</record>
